| 000 | 00357 a2200133 4500 | ||
|---|---|---|---|
| 005 | 20250318083735.0 | ||
| 082 | _a380.107 STE | ||
| 100 | _aSTEPHENSON, M. A. | ||
| 245 | _aPrinciples and Practice of Commerce | ||
| 250 | _a6th Ed. | ||
| 260 |
_aLondon, _bSir Isaac Pitman and Son Ltd _c1965. |
||
| 300 |
_axiv, 616p.: ill.; _bindex, _c22cm. |
||
| 942 |
_2ddc _cBKS |
||
| 999 |
_c862 _d862 |
||